Environmental, economic and energy impacts of material recovery facilities : a mite program evaluation

Αποθηκεύτηκε σε:
Λεπτομέρειες βιβλιογραφικής εγγραφής
Συλλογικό Έργο: Solid Waste Association of North America, United States Environmental Protection Agency Office of Research and Development, United States Department of State
Άλλοι συγγραφείς: Weston, Roy F.
Μορφή: Βιβλίο
Γλώσσα:English
Δημοσίευση: Cincinnati, Ohio : National Risk Management Research Laboratory, Office of Research and Development, U.S. Environmental Protection Agency, 1995
Θέματα:
Ετικέτες: Προσθήκη ετικέτας
Δεν υπάρχουν, Καταχωρήστε ετικέτα πρώτοι!

MARC

LEADER 00000nam a2200000 i 4500
001 1/18060
008 981015s1995 eng d
035 |l 10020781 
040 |a GR-MY-UA  |b gre  |e aacr 
041 0 |a eng 
082 0 |a 363.7282 
110 2 |a Solid Waste Association of North America. 
245 1 0 |a Environmental, economic and energy impacts of material recovery facilities :  |b a mite program evaluation /  |c by Roy F. Weston, Inc. and the Solid Waste Association of North America ; prepared for Office of Research and Development, U.S. Environmental Protection Agency, [and] U.S. Department of Energy 
260 |a Cincinnati, Ohio :   |b National Risk Management Research Laboratory, Office of Research and Development, U.S. Environmental Protection Agency,   |c 1995 
300 |a 190 p.  |b tabl. 
650 0 0 |a Recycling (Waste, etc.) 
650 0 0 |a Refuse and refuse disposal. 
700 1 |a Weston, Roy F. 
710 1 |a United States  |b Environmental Protection Agency  |b Office of Research and Development. 
710 2 |a United States  |b Department of State. 
852 |a INST  |b LESVOS  |e 19981015  |h 363.7282 SOL  |p 005100021420  |q 005100021420  |t BK  |y 0 
901 |a BIBL1-2000-2 
909 |a Λ  |b 059374 
922 |a 1ΕΛΗ  |b 199809  |c ΚΠΣ/ΤΠ  |d ΠΑΠΑΣΩΤΗΡΙΟΥ 
950 |a 107-1998-04-08 
970 |z 2000/07/ΓΕΩΡΓΙΑ